Introduction to fluid mechanics (Record no. 64821)

000 -LEADER
fixed length control field 00733nam a22002057a 4500
003 - CONTROL NUMBER IDENTIFIER
control field NUST-PNEC
005 - DATE AND TIME OF LATEST TRANSACTION
control field 20170116180856.0
008 - FIXED-LENGTH DATA ELEMENTS--GENERAL INFORMATION
fixed length control field 140512b xxu||||| |||| 00| 0 eng d
020 ## - INTERNATIONAL STANDARD BOOK NUMBER
International Standard Book Number 9788126515837
040 ## - CATALOGING SOURCE
Transcribing agency PNEC
082 ## - DEWEY DECIMAL CLASSIFICATION NUMBER
Classification number 620.106 FOX
100 ## - MAIN ENTRY--PERSONAL NAME
9 (RLIN) 6031
Personal name Fox, Robert W.
245 ## - TITLE STATEMENT
Title Introduction to fluid mechanics
Remainder of title Fundamentals and applications (in SI units)
Statement of responsibility, etc. Robert W. Fox
250 ## - EDITION STATEMENT
Edition statement 5th ed.
260 ## - PUBLICATION, DISTRIBUTION, ETC.
Name of publisher, distributor, etc. Wiley India,
Date of publication, distribution, etc. c.2004
300 ## - PHYSICAL DESCRIPTION
Extent 762 p. :
Other physical details ill. :
Dimensions 24 cm.
500 ## - GENERAL NOTE
General note Includes index. http://www.amazon.com/Fluid-Mechanics-Fundamentals-Applications-Unit/dp/0070700346/ref=sr_1_1?s=books&ie=UTF8&qid=1399880437&sr=1-1&keywords=0070700346
650 ## - SUBJECT ADDED ENTRY--TOPICAL TERM
General subdivision ME
9 (RLIN) 6033
Topical term or geographic name entry element Fluid mechanics
942 ## - ADDED ENTRY ELEMENTS (KOHA)
Source of classification or shelving scheme
Koha item type Book
Holdings
Withdrawn status Lost status Source of classification or shelving scheme Damaged status Not for loan Permanent Location Current Location Shelving location Date acquired Total Checkouts Full call number Barcode Date last seen Date last checked out Price effective from Koha item type
          Pakistan Navy Engineering College (PNEC) Pakistan Navy Engineering College (PNEC)     1 620.106 FOX PNECLIB-029268 01/15/2016 01/15/2016   Book
© 2023 Central Library, National University of Sciences and Technology. All Rights Reserved.